000
00258nam a2200109Ia 4500
082
_a
355.0968 MAR
245
0
_a
Marks, Bernard
100
_a
Our South Africa army today
_9
34336
942
_c
BK
020
_a
"
008
210816s9999 xx 000 0 und d
999
_c
124561
_d
124560